000
00319nam a2200133Ia 4500
008
190216s9999||||xx |||||||||||||| ||und||
100
_a
Jeffrey O Ullman
245
0
_a
Principles Of Database Systems
250
_a
1st Ed.
260
_b
Galgotia Publication Pvt Ltf
300
_a
484
650
_a
Computer
942
_c
BK
999
_c
8406
_d
8406